Statistics for WWE Smackdown Roster

Click here to take the quiz!

General Stats

  • This quiz has been taken 26 times
    (16 since last reset)
  • The average score is 21 of 39

Answer Stats

HintAnswer% Correct
Roman Reigns
100%
Drew Mcintyre
93%
Sheamus
93%
Butch
79%
Jey Uso
71%
Jimmy Uso
71%
Kofi Kingston
71%
Ronda Rousey
71%
Sami Zayn
71%
Shinsuke Nakamura
71%
Big E
64%
Gunther
64%
Ricochet
64%
Xavier Woods
64%
Charlotte Flair
57%
Humberto
57%
Natalya
57%
Ridge Holland
57%
Shotzi
57%
SmackdownAngel
50%
Happy Corbin
50%
Ivar
50%
Madcap Moss
50%
Erik
43%
Jinder Mahal
43%
Mace
43%
Xia Li
43%
Aliyah
36%
Lacey Evans
36%
Ludwig Kaiser
36%
Mansoor
36%
Naomi
36%
Rick Boogs
36%
Shanky
36%
Shayna Baszler
36%
LA Knight
29%
Raquel Rodriguez
29%
Sasha Banks
29%
Mustafa Ali
21%

Score Distribution

Percentile by Number Answered

Percent of People with Each Score

Your Score History

You have not taken this quiz since the last reset